800 solved problems in vector mechanics for engineers / (Record no. 553598)

000 -LEADER
fixed length control field 00841cam a2200217 a 4500
020 ## - INTERNATIONAL STANDARD BOOK NUMBER
International Standard Book Number 0070565821 (v. 1)
020 ## - INTERNATIONAL STANDARD BOOK NUMBER
International Standard Book Number 0070566879 (v. 2)
082 00 - DEWEY DECIMAL CLASSIFICATION NUMBER
Classification number 620.104076
Author Mark SHE
-- K-5,P-12
100 1# - MAIN ENTRY--PERSONAL NAME
Personal name Shelley, Joseph F.
9 (RLIN) 50868
245 10 - TITLE STATEMENT
Title 800 solved problems in vector mechanics for engineers /
Statement of responsibility, etc. Joseph F. Shelley.
260 ## - PUBLICATION, DISTRIBUTION, ETC.
Place of publication, distribution, etc. New York :
Name of publisher, distributor, etc. McGraw-Hill,
Date of publication, distribution, etc. c1990-c1991.
300 ## - PHYSICAL DESCRIPTION
Extent 2 v. :
Other physical details ill. ;
Dimensions 28 cm.
500 ## - GENERAL NOTE
General note Includes indexes.
500 ## - GENERAL NOTE
General note Vol. 2 has title: 700 solved problems in vector mechanics for engineers.
505 1# - FORMATTED CONTENTS NOTE
Formatted contents note v. 1. Statics -- v. 2. Dynamics.
526 ## - STUDY PROGRAM INFORMATION NOTE
Program name 0
Interest level 0
Reading level 0
Title point value 620_104076000000000_SHE
650 #0 - SUBJECT ADDED ENTRY--TOPICAL TERM
Topical term or geographic name entry element Mechanics, Applied
General subdivision Problems, exercises, etc.
9 (RLIN) 38792
650 #0 - SUBJECT ADDED ENTRY--TOPICAL TERM
Topical term or geographic name entry element Vector analysis
General subdivision Problems, exercises, etc.
9 (RLIN) 50869
856 41 - ELECTRONIC LOCATION AND ACCESS
Uniform Resource Identifier <a href="http://www.loc.gov/catdir/toc/mh031/89007951.html">http://www.loc.gov/catdir/toc/mh031/89007951.html</a>
942 ## - ADDED ENTRY ELEMENTS (KOHA)
Source of classification or shelving scheme
Koha item type Book
Holdings
Withdrawn status Lost status Source of classification or shelving scheme Damaged status Not for loan Permanent Location Current Location Date acquired Total Checkouts Full call number Barcode Date last seen Price effective from Koha item type
          Military College of Engineering (MCE) Military College of Engineering (MCE) 08/26/2015   620.104076 SHE MCE-28688 08/26/2015 08/26/2015 Book
© 2023 Central Library, National University of Sciences and Technology. All Rights Reserved.